=LDR 00000nam 2200000 4500 =001 INLIS000000000031898 =005 20250120025918 =035 ##$$a 0010-061300000031898 =008 250120################g##########0#ind## =041 ##$$a ind =082 ##$$a R. 344.044 =090 ##$$a R.344.044, Ind u =245 1#$$a Undang-undang Narkotika (UU RI Nomor 22 Tahun 1997) dan Undang-Undang Psikotropika (UU RI Nomor 5 Tahun 1997) =260 ##$$a Jakarta :$b Sinar grafika,$c 2005 =300 ##$$a viii,198 hlm. ; $c 21 x 11 cm. =650 #4$$a Narkotika-Undang-undang dan Peraturan =850 ##$$a NBPNMAT =020 ##$$a 979-3421-78-9 =084 ##$$a R. 344.044 IND u =100 #$$a INDONESIA =250 ##$$a Cet.1 =990 ##$$a 0001/BPAP-NTB/20142015 =990 ##$$a 08460846 =990 ##$$a 08460846 =990 ##$$a 20610393 =990 ##$$a 0001/BPAP-NTB/20142015 =990 ##$$a 1200603451 =990 ##$$a 20610395 =990 ##$$a 0001/BPAP-NTB/20142015 =990 ##$$a 20610393